| 000 | 00678nam a22001937a 4500 | ||
|---|---|---|---|
| 003 | NUST-PNEC | ||
| 005 | 20170116180712.0 | ||
| 008 | 141015b xxu||||| |||| 00| 0 eng d | ||
| 020 | _a0871703793 | ||
| 040 | _cPNEC | ||
| 082 | _a621.4022 ASM | ||
| 100 |
_9596 _aASM International |
||
| 245 |
_aASM handbook. Volume 4, Heat treating _bASM International. Handbook Committee |
||
| 260 |
_aMaterials Park, OH : _bASM International, _c©1991. |
||
| 300 |
_a xiii, 1012 p. : _bill. : _c28 cm. |
||
| 500 | _ahttp://www.amazon.com/ASM-Handbook-Heat-Treating-Asm/dp/0871703793/ref=sr_1_1?s=books&ie=UTF8&qid=1413355365&sr=1-1&keywords=0871703793 | ||
| 650 | _xME | ||
| 942 |
_2ddc _cBK |
||
| 999 |
_c61027 _d61027 |
||